[Event "SportAccord Rapid Women 2012"]
[Site "Beijing CHN"]
[Date "2012.12.14"]
[Round "1.5"]
[White "Muzychuk, Anna"]
[Black "Cmilyte, Viktorija"]
[Result "1-0"]
[WhiteTitle "GM"]
[BlackTitle "GM"]
[WhiteElo "2586"]
[BlackElo "2524"]
[WhiteFideId "14111330"]
[BlackFideId "12801259"]
[EventDate "2012.12.14"]

1. e4 c5 2. Nc3 d6 3. g3 g6 4. Bg2 Bg7 5. d3 Nc6 6. f4 e6 7. Nf3 Nge7 8. Be3 Nd4
9. O-O O-O 10. e5 Nef5 11. Bf2 dxe5 12. Nxe5 Qc7 13. Ne4 f6 14. Nc4 e5 15. fxe5
fxe5 16. c3 Ne6 17. a4 Bd7 18. Qb3 Kh8 19. Ne3 Nxe3 20. Bxe3 b6 21. Rxf8+ Rxf8
22. a5 bxa5 23. Qd5 Rb8 24. Rf1 Qc6 25. Nd6 Qxd5 26. Bxd5 Nc7 27. Bc4 Be6 28.
Rf7 Bxc4 29. Nxc4 Nd5 30. Bxc5 Nb6 31. Nxa5 Na4 32. Bb4 Nxb2 33. Rd7 Re8 34. Nc6
Bh6 35. Kf2 Nd1+ 36. Ke2 Ne3 37. Rxa7 Nd5 38. Rd7 Nxb4 39. cxb4 e4 40. Rd8 exd3+
41. Kxd3 Rxd8+ 42. Nxd8 Bf8 43. Kc4 Kg8 44. b5 Bd6 45. b6 h5 46. Kd5 1-0

[Event "SportAccord Rapid Women 2012"]
[Site "Beijing CHN"]
[Date "2012.12.14"]
[Round "1.7"]
[White "Cramling, Pia"]
[Black "Socko, Monika"]
[Result "1-0"]
[WhiteTitle "GM"]
[BlackTitle "GM"]
[WhiteElo "2516"]
[BlackElo "2445"]
[WhiteFideId "1700030"]
[BlackFideId "1106619"]
[EventDate "2012.12.14"]

1. d4 Nf6 2. Nf3 e6 3. c4 b6 4. a3 Bb7 5. Nc3 d5 6. Bg5 Be7 7. Bxf6 Bxf6 8. cxd5
exd5 9. g3 O-O 10. Bg2 c5 11. O-O Re8 12. e3 Nc6 13. dxc5 Bxc3 14. bxc3 bxc5 15.
Rb1 Rb8 16. Re1 Ba8 17. Rxb8 Nxb8 18. Qa4 Qd7 19. Qa5 Qe7 20. Nh4 Nc6 21. Qa4
Ne5 22. Rd1 Rd8 23. Qb5 g6 24. Nf3 Bc6 25. Qa6 Nxf3+ 26. Bxf3 Rd6 27. Qc8+ Kg7
28. c4 Rf6 29. Bxd5 Ba4 30. Rb1 Bc2 31. Rb8 Rb6 32. Qg8+ Kh6 33. Rxb6 axb6 34.
Qb8 Qf6 35. Qf8+ Qg7 36. Qd6 Qa1+ 37. Kg2 Bd3 38. Qf8+ Qg7 39. Qxf7 Be4+ 40. f3
Bxd5 41. Qxg7+ Kxg7 42. cxd5 b5 43. Kf2 Kf6 44. Ke2 Ke5 45. e4 Kd6 46. Kd3 Ke5
47. f4+ Kd6 48. g4 Kd7 49. e5 Ke7 50. f5 gxf5 51. gxf5 1-0

[Event "SportAccord Rapid Women 2012"]
[Site "Beijing CHN"]
[Date "2012.12.14"]
[Round "1.8"]
[White "Khotenashvili, Bela"]
[Black "Harika, Dronavalli"]
[Result "0-1"]
[WhiteTitle "IM"]
[BlackTitle "GM"]
[WhiteElo "2504"]
[BlackElo "2512"]
[WhiteFideId "13602640"]
[BlackFideId "5015197"]
[EventDate "2012.12.14"]

1. Nf3 Nf6 2. c4 g6 3. b4 Bg7 4. Bb2 O-O 5. e3 b6 6. d4 c5 7. a3 Bb7 8. d5 e6 9.
d6 Ne4 10. Ra2 Bxb2 11. Rxb2 Qf6 12. Rb3 Nc6 13. Be2 e5 14. O-O cxb4 15. axb4
Nxd6 16. c5 Ne4 17. Qxd7 Rab8 18. Nbd2 Nxd2 19. Qxd2 e4 20. Nd4 Rfd8 21. Rd1 a5
22. cxb6 Nxb4 23. Qb2 Qxb6 24. Ra1 Bd5 25. Rba3 Ra8 26. h4 h5 27. Bd1 Rdb8 28.
Bb3 Nd3 29. Qd2 Bxb3 30. Rxb3 Qc7 31. f3 Rxb3 32. Nxb3 Rb8 33. Nd4 Rb2 34. Qxa5
Qg3 35. Qd8+ Kh7 0-1

[Event "SportAccord Rapid Women 2012"]
[Site "Beijing CHN"]
[Date "2012.12.14"]
[Round "2.2"]
[White "Hou, Yifan"]
[Black "Muzychuk, Anna"]
[Result "1-0"]
[WhiteTitle "GM"]
[BlackTitle "GM"]
[WhiteElo "2606"]
[BlackElo "2586"]
[WhiteFideId "8602980"]
[BlackFideId "14111330"]
[EventDate "2012.12.14"]

1. e4 e5 2. Nf3 Nc6 3. Bb5 a6 4. Ba4 Nf6 5. O-O Be7 6. Re1 b5 7. Bb3 O-O 8. d4
Nxd4 9. Nxd4 exd4 10. e5 Ne8 11. c3 dxc3 12. Nxc3 d6 13. Qf3 Rb8 14. Bf4 dxe5
15. Bxe5 Bd6 16. Rad1 Qg5 17. Bxd6 Nxd6 18. Rxd6 Bb7 19. Rd5 Bxd5 20. Bxd5 Rbd8
21. Bb3 c5 22. a3 c4 23. Bc2 Rfe8 24. Rb1 a5 25. h4 Qd2 26. Be4 b4 27. axb4 axb4
28. Ne2 g6 29. g4 Re7 30. Ng3 Qd4 31. Kg2 Rd6 32. g5 Rde6 33. Bd5 Re5 34. Rd1
Qxh4 35. Qf6 Rxd5 36. Rxd5 Re8 37. Rd4 1-0

[Event "SportAccord Rapid Women 2012"]
[Site "Beijing CHN"]
[Date "2012.12.14"]
[Round "2.3"]
[White "Harika, Dronavalli"]
[Black "Lahno, Kateryna"]
[Result "0-1"]
[WhiteTitle "GM"]
[BlackTitle "GM"]
[WhiteElo "2512"]
[BlackElo "2553"]
[WhiteFideId "5015197"]
[BlackFideId "14109336"]
[EventDate "2012.12.14"]

1. c4 g6 2. g3 Bg7 3. Bg2 c5 4. Nc3 Nc6 5. Nf3 e6 6. d3 d6 7. a3 Nge7 8. Bg5 h6
9. Bd2 b6 10. Rb1 Bb7 11. b4 Ne5 12. O-O Nxf3+ 13. exf3 O-O 14. Re1 Qd7 15. Nb5
Bc6 16. a4 d5 17. bxc5 bxc5 18. Qc1 a6 19. cxd5 Nxd5 20. Na3 Nb4 21. Bxb4 cxb4
22. Rxb4 Rab8 23. Rxb8 Rxb8 24. Nc4 Bxa4 25. f4 Qxd3 26. Ne5 Bxe5 27. fxe5 h5
28. Be4 Qd4 29. Qg5 Be8 30. Bf3 Rb2 31. Qe3 Qxe3 32. Rxe3 Bb5 33. Kg2 a5 34. Rc3
a4 35. Bc6 Bxc6+ 36. Rxc6 a3 37. Ra6 a2 38. Ra8+ Kg7 39. h4 g5 40. hxg5 Kg6 41.
Ra7 Kxg5 42. Kf3 Kf5 43. Ra5 Rc2 44. Ke3 Kg4 45. Ra4+ Kh3 46. Kf3 Kh2 47. g4
hxg4+ 48. Kxg4 Rc4+ 49. Rxc4 a1=Q 50. Rf4 Qxe5 51. Rxf7 Kg2 52. f4 Qe4 53. Kg5
Qe3 54. Rf6 e5 55. Kg4 Qg3+ 56. Kh5 exf4 0-1

[Event "SportAccord Rapid Women 2012"]
[Site "Beijing CHN"]
[Date "2012.12.14"]
[Round "2.5"]
[White "Zhao, Xue"]
[Black "Paehtz, Elisabeth"]
[Result "0-1"]
[WhiteTitle "GM"]
[BlackTitle "IM"]
[WhiteElo "2565"]
[BlackElo "2482"]
[WhiteFideId "8601283"]
[BlackFideId "4641833"]
[EventDate "2012.12.14"]

1. d4 Nf6 2. c4 d6 3. Nc3 g6 4. e4 Bg7 5. Nf3 O-O 6. Be2 e5 7. Be3 c6 8. d5 Na6
9. O-O Ng4 10. Bg5 f6 11. Bh4 Nh6 12. Ne1 g5 13. Bg3 f5 14. exf5 c5 15. Nd3 Nxf5
16. a3 Bd7 17. Rb1 Rc8 18. Re1 h6 19. Bg4 b6 20. Nc1 Nc7 21. Nb3 Ne8 22. Nd2 Nf6
23. Be2 Qe8 24. Nde4 Nxe4 25. Nxe4 a5 26. b4 axb4 27. axb4 cxb4 28. Rxb4 Qd8 29.
Bg4 Qc7 30. Qd3 Rb8 31. Reb1 Kh8 32. Nc3 Qc5 33. Na4 Bxa4 34. Bxf5 Be8 35. h4
Bf6 36. Qd2 Kg7 37. h5 Bxh5 38. Bc2 Bg6 39. Bxg6 Kxg6 40. Qd3+ Kg7 41. Rb5 Qc7
42. f3 Rfc8 43. R1b4 Bd8 44. Qe4 Ra8 45. Kh2 Qf7 46. Bf2 Ra1 47. Qg4 Qf4+ 48.
Qxf4 gxf4 49. g3 Ra2 50. Kg1 fxg3 51. Bxg3 Rca8 52. Bf2 Ra1+ 53. Kg2 R8a2 54.
Rb2 Rxb2 55. Rxb2 Ra6 56. Be3 h5 57. f4 Kf6 58. Kf3 Kf5 59. fxe5 dxe5 60. Ke2
Ke4 61. d6 h4 62. Bg1 h3 63. Bh2 Ra4 64. Rc2 Ra3 65. Kf2 Rd3 66. Re2+ Kd4 67.
Bxe5+ Kxc4 68. Bf4 b5 69. Kg1 b4 70. Kh2 b3 71. Be5 Bg5 72. Rf2 Rd5 73. Bg7 Rxd6
74. Kxh3 Bd2 75. Rf3 Rd3 76. Kg2 Rxf3 77. Kxf3 Bc3 0-1

[Event "SportAccord Rapid Women 2012"]
[Site "Beijing CHN"]
[Date "2012.12.14"]
[Round "3.7"]
[White "Khotenashvili, Bela"]
[Black "Socko, Monika"]
[Result "0-1"]
[WhiteTitle "IM"]
[BlackTitle "GM"]
[WhiteElo "2504"]
[BlackElo "2445"]
[WhiteFideId "13602640"]
[BlackFideId "1106619"]
[EventDate "2012.12.14"]

1. Nf3 Nf6 2. c4 e6 3. g3 d5 4. Bg2 dxc4 5. O-O Nbd7 6. Qa4 a6 7. Qxc4 c5 8. Qc2
Be7 9. d4 O-O 10. dxc5 Bxc5 11. Nc3 Qe7 12. a3 Rb8 13. b4 Ba7 14. a4 Rd8 15. Qb3
h6 16. Bb2 Nf8 17. b5 axb5 18. Nxb5 Bc5 19. Be5 Ra8 20. Ne1 Ng4 21. Bc7 Rd7 22.
Nd3 Rxc7 23. Nxc7 Qxc7 24. Rac1 Ra5 25. Nxc5 Rxc5 26. Rxc5 Qxc5 27. Bxb7 Bd7 28.
Bf3 Ne5 29. Ra1 Nxf3+ 30. exf3 Bc6 31. a5 Nd7 32. f4 Nf6 33. a6 Ne4 34. Qe3 Qd5
35. f3 Nd2 36. a7 Nxf3+ 37. Kf2 Nxh2 38. Qc3 Ba8 39. Qc8+ Kh7 40. Qc2+ g6 41.
Qc3 Qe4 42. Ra3 Ng4+ 43. Kf1 Bd5 44. a8=Q Bxa8 45. Qc7 Kg7 46. Qc3+ Nf6 47. Kf2
Bd5 48. Ra7 Qg2+ 49. Ke1 Qg1+ 0-1

[Event "SportAccord Rapid Women 2012"]
[Site "Beijing CHN"]
[Date "2012.12.14"]
[Round "3.8"]
[White "Danielian, Elina"]
[Black "Zhao, Xue"]
[Result "1-0"]
[WhiteTitle "GM"]
[BlackTitle "GM"]
[WhiteElo "2476"]
[BlackElo "2565"]
[WhiteFideId "13300210"]
[BlackFideId "8601283"]
[EventDate "2012.12.14"]

1. d4 Nf6 2. Nf3 e6 3. e3 d5 4. c4 c5 5. Nc3 a6 6. cxd5 exd5 7. Be2 Nc6 8. O-O
Bd6 9. dxc5 Bxc5 10. b3 O-O 11. Bb2 Ba7 12. Rc1 Qd6 13. Qd3 Bg4 14. Rfd1 Rad8
15. Qb1 Rfe8 16. Ng5 Bb8 17. g3 Bxe2 18. Nxe2 Ne5 19. Qf5 g6 20. Qh3 Qe7 21. Nf4
Nh5 22. Nxh5 Qxg5 23. Nf4 d4 24. Qg2 dxe3 25. fxe3 Nc6 26. Rxd8 Rxd8 27. Qe4 Qa5
28. Bf6 Qa3 29. Rf1 Rc8 30. Nd5 Qd6 31. Qh4 Re8 32. e4 Qc5+ 33. Kh1 h5 34. Bb2
Be5 35. Nf6+ Kh8 36. Bxe5 Rxe5 37. Nd7 Qb5 38. Qf6+ Kh7 39. Qxf7+ Kh6 40. Qf8+
Kh7 41. Rf7# 1-0

[Event "SportAccord Rapid Women 2012"]
[Site "Beijing CHN"]
[Date "2012.12.14"]
[Round "4.1"]
[White "Hou, Yifan"]
[Black "Koneru, Humpy"]
[Result "1/2-1/2"]
[WhiteTitle "GM"]
[BlackTitle "GM"]
[WhiteElo "2606"]
[BlackElo "2610"]
[WhiteFideId "8602980"]
[BlackFideId "5008123"]
[EventDate "2012.12.14"]

1. e4 e5 2. Nf3 Nc6 3. Bb5 a6 4. Ba4 Nf6 5. O-O Nxe4 6. d4 b5 7. Bb3 d5 8. dxe5
Be6 9. Nbd2 Be7 10. c3 Nc5 11. Bc2 d4 12. cxd4 Nxd4 13. Nxd4 Qxd4 14. Nf3 Qxd1
15. Rxd1 O-O 16. Be3 Rfd8 17. Rdc1 h6 18. Nd4 Bd5 19. f4 Ne6 20. Nxe6 fxe6 21.
Bg6 Rac8 22. Bc5 Kf8 23. Bxe7+ Kxe7 24. Rc5 Bc4 25. b3 Bd3 26. Bxd3 Rxd3 27.
Rac1 Kd7 28. Rc6 Rd4 29. g3 g5 30. f5 exf5 31. Rxh6 Re8 32. Rh7+ Ke6 33. Rhxc7
Kxe5 34. R7c5+ Kf6 35. Rc6+ Re6 36. Rxe6+ Kxe6 37. Rc6+ Kd5 38. Rxa6 Rd1+ 39.
Kf2 Rd2+ 40. Kf3 Rxh2 41. Ra5 Kc6 42. a4 g4+ 43. Ke3 bxa4 44. bxa4 Rg2 45. Kf4
Rf2+ 46. Kg5 Rg2 47. Kf4 Rf2+ 48. Kg5 Rg2 49. Kf4 Rf2+ 1/2-1/2

[Event "SportAccord Rapid Women 2012"]
[Site "Beijing CHN"]
[Date "2012.12.14"]
[Round "4.3"]
[White "Paehtz, Elisabeth"]
[Black "Muzychuk, Anna"]
[Result "1/2-1/2"]
[WhiteTitle "IM"]
[BlackTitle "GM"]
[WhiteElo "2482"]
[BlackElo "2586"]
[WhiteFideId "4641833"]
[BlackFideId "14111330"]
[EventDate "2012.12.14"]

1. e4 c5 2. Nf3 e6 3. c3 d5 4. exd5 exd5 5. d4 Nf6 6. Bb5+ Nc6 7. dxc5 Bxc5 8.
O-O O-O 9. Nbd2 h6 10. Nb3 Bb6 11. h3 Qd6 12. Nbd4 Ne4 13. Bd3 Re8 14. Be3 Qg6
15. Nh4 Qf6 16. Nhf3 Bc7 17. Re1 a6 18. Bc2 Bd7 19. Qd3 Rad8 20. Nxc6 bxc6 21.
Bd4 Qd6 22. b4 Bf5 23. Bc5 Qf6 24. Bd4 Qd6 25. Bc5 Qf6 26. Bd4 Qd6 27. Bc5 1/2-1/2

[Event "SportAccord Rapid Women 2012"]
[Site "Beijing CHN"]
[Date "2012.12.14"]
[Round "4.5"]
[White "Cramling, Pia"]
[Black "Harika, Dronavalli"]
[Result "1-0"]
[WhiteTitle "GM"]
[BlackTitle "GM"]
[WhiteElo "2516"]
[BlackElo "2512"]
[WhiteFideId "1700030"]
[BlackFideId "5015197"]
[EventDate "2012.12.14"]

1. d4 Nf6 2. Nf3 g6 3. c4 Bg7 4. Nc3 O-O 5. e4 d6 6. h3 e5 7. d5 Na6 8. Bg5 Qe8
9. Be2 Nh5 10. g3 f6 11. Be3 f5 12. exf5 gxf5 13. Nh4 Nf6 14. Qc2 Nb4 15. Qb3 a5
16. a3 Na6 17. Qc2 Nc5 18. O-O-O Bd7 19. Rdg1 Kh8 20. g4 a4 21. Nxf5 Bxf5 22.
gxf5 Nb3+ 23. Kb1 c6 24. Bf3 Nd4 25. Qd1 Nxf5 26. Bc1 cxd5 27. Bxd5 Nxd5 28.
Qxd5 Rc8 29. Rg4 Rf7 30. Ne4 Qd7 31. Rhg1 Rcf8 32. Rd1 Qc8 33. Ng5 Rf6 34. Ne4
R6f7 35. Nxd6 Nxd6 36. Qxd6 Qf5+ 37. Ka1 Qxf2 38. Rxg7 Rxg7 39. Bh6 Qf6 40.
Bxg7+ Qxg7 41. Re1 Re8 42. Re4 Qe7 43. Qd5 Qc7 44. c5 Re7 45. Rxa4 Re8 46. Rb4
Re7 47. Rg4 Re8 48. Re4 Qg7 49. Ka2 Qc7 50. Rb4 Re7 51. Qd6 Qxd6 52. cxd6 Rd7
53. Re4 Rxd6 54. Rxe5 Rd7 55. Rg5 h6 56. Rg4 Kh7 57. h4 h5 58. Rg5 Kh6 59. Rb5
Kg6 60. b4 Rd4 61. Rxb7 Rxh4 62. Kb3 Rh1 63. Rb8 h4 64. Ka4 Kg7 65. Rc8 Kf6 66.
b5 h3 67. Rh8 h2 68. Ka5 Ke6 69. a4 Kd7 70. Kb6 Ra1 71. Rxh2 Rxa4 72. Kb7 Kd6
73. b6 Rg4 74. Rd2+ Kc5 75. Rc2+ Kb5 76. Ka7 Ra4+ 77. Kb7 Rh4 78. Rb2+ Kc5 79.
Ka7 Ra4+ 80. Kb8 Kc6 81. b7 Rh4 82. Ra2 Rh7 1-0

[Event "SportAccord Rapid Women 2012"]
[Site "Beijing CHN"]
[Date "2012.12.14"]
[Round "4.6"]
[White "Socko, Monika"]
[Black "Danielian, Elina"]
[Result "0-1"]
[WhiteTitle "GM"]
[BlackTitle "GM"]
[WhiteElo "2445"]
[BlackElo "2476"]
[WhiteFideId "1106619"]
[BlackFideId "13300210"]
[EventDate "2012.12.14"]

1. c4 c5 2. Nc3 Nc6 3. g3 g6 4. Bg2 Bg7 5. Nf3 e6 6. d3 Nge7 7. h4 h6 8. Nh2 d5
9. Bd2 b6 10. Qa4 Bb7 11. cxd5 exd5 12. Ng4 f5 13. Nh2 a6 14. O-O b5 15. Qd1 O-O
16. Nf3 Rc8 17. Rc1 Qb6 18. a3 Kh7 19. Rc2 d4 20. Na2 a5 21. b3 Nd8 22. Qe1 Ra8
23. Qc1 Ne6 24. Ne1 Bd5 25. Bxd5 Nxd5 26. Ng2 Rac8 27. Qe1 b4 28. a4 f4 29. g4
Rce8 30. Qc1 f3 31. exf3 Rxf3 32. Ne1 Rf7 33. Ng2 Rf3 34. Ne1 Rf7 35. Ng2 Qd6
36. f4 Nc3 37. Nxc3 dxc3 38. Be3 Qxd3 39. Rcf2 Nd4 40. Kh2 Nxb3 41. Qe1 c2 42.
f5 gxf5 43. Nf4 Qxe3 0-1

[Event "SportAccord Rapid Women 2012"]
[Site "Beijing CHN"]
[Date "2012.12.14"]
[Round "4.8"]
[White "Zhao, Xue"]
[Black "Khotenashvili, Bela"]
[Result "1-0"]
[WhiteTitle "GM"]
[BlackTitle "IM"]
[WhiteElo "2565"]
[BlackElo "2504"]
[WhiteFideId "8601283"]
[BlackFideId "13602640"]
[EventDate "2012.12.14"]

1. d4 d5 2. c4 e6 3. Nc3 Bb4 4. a3 Bxc3+ 5. bxc3 c5 6. e3 Ne7 7. Nf3 dxc4 8.
Bxc4 Qc7 9. Qe2 Nbc6 10. O-O O-O 11. e4 Na5 12. Ba2 c4 13. Ne5 b5 14. Bf4 Qd8
15. h4 f6 16. Nf3 Qe8 17. Bc7 Nb7 18. a4 a6 19. Rab1 Qc6 20. Bg3 Bd7 21. Rfe1
Rfe8 22. h5 h6 23. Nd2 Nc8 24. Rbd1 Nb6 25. Qf3 Nxa4 26. d5 Qb6 27. Rb1 exd5 28.
exd5 Rxe1+ 29. Rxe1 Nbc5 30. Re7 Re8 31. Rxe8+ Bxe8 32. Bb1 Bd7 33. Bg6 Qd8 34.
Qe3 Nd3 35. Ne4 f5 36. Nd6 f4 37. Bxf4 Nxf4 38. Qxf4 Qf6 39. Nf5 Bxf5 40. Bxf5
Nc5 41. Qb8+ Qf8 42. Bh7+ Kf7 43. Qc7+ Kf6 44. Qf4+ Ke7 45. d6+ 1-0

[Event "SportAccord Rapid Women 2012"]
[Site "Beijing CHN"]
[Date "2012.12.15"]
[Round "5.2"]
[White "Koneru, Humpy"]
[Black "Lahno, Kateryna"]
[Result "1-0"]
[WhiteTitle "GM"]
[BlackTitle "GM"]
[WhiteElo "2610"]
[BlackElo "2553"]
[WhiteFideId "5008123"]
[BlackFideId "14109336"]
[EventDate "2012.12.14"]

1. d4 Nf6 2. c4 g6 3. Nc3 d5 4. Bf4 Bg7 5. e3 c5 6. dxc5 Qa5 7. Rc1 dxc4 8. Bxc4
O-O 9. Ne2 Qxc5 10. Qb3 Nc6 11. Nb5 Qh5 12. Ng3 Qh4 13. Nc7 e5 14. Bg5 Qxg5 15.
h4 Qg4 16. Nxa8 e4 17. Nc7 Ne5 18. Be2 Qd7 19. O-O Nfg4 20. Nd5 Kh8 21. Nxe4 f5
22. Ng5 h6 23. Nf3 Qd8 24. Nf4 Nxf3+ 25. Bxf3 Ne5 26. Bxb7 Bd7 27. Rfd1 Qf6 28.
Rxd7 Nxd7 29. Rc6 1-0

[Event "SportAccord Rapid Women 2012"]
[Site "Beijing CHN"]
[Date "2012.12.15"]
[Round "5.3"]
[White "Muzychuk, Anna"]
[Black "Cramling, Pia"]
[Result "1/2-1/2"]
[WhiteTitle "GM"]
[BlackTitle "GM"]
[WhiteElo "2586"]
[BlackElo "2516"]
[WhiteFideId "14111330"]
[BlackFideId "1700030"]
[EventDate "2012.12.14"]

1. e4 c5 2. Nf3 e6 3. d4 cxd4 4. Nxd4 a6 5. Nc3 b5 6. Bd3 Qb6 7. Nf3 Nc6 8. O-O
Qb8 9. Re1 Nge7 10. e5 Ng6 11. Bxg6 hxg6 12. Bf4 Bb7 13. Ng5 Be7 14. Qg4 Nd4 15.
Rad1 Nf5 16. Qe2 Rh4 17. g3 Bxg5 18. Bxg5 Nd4 19. Rxd4 Rxd4 20. Qe3 Rc4 21. b3
Rc8 22. Qd4 Qc7 23. Qh4 d5 24. Qh8+ Kd7 25. Qxg7 Rf8 26. Qf6 Rae8 27. Ne2 Kc8
28. Nd4 Kb8 29. Rd1 Rc8 30. h4 Qd7 31. Bd2 Qd8 32. Qxd8 Rfxd8 33. Ba5 Rd7 34. f4
Re7 35. Kf2 Ree8 36. a3 Rh8 37. Ke3 Rc5 38. Rd2 Rcc8 39. Rf2 Rh7 40. Rf1 Ka7 41.
Ra1 Bc6 42. Rd1 Kb7 43. Rd2 Rhh8 44. Rf2 Rh7 45. Rd2 Rhh8 46. Rf2 Rh7 47. Rd2
Rhh8 48. Rf2 Rh7 1/2-1/2

[Event "SportAccord Rapid Women 2012"]
[Site "Beijing CHN"]
[Date "2012.12.15"]
[Round "5.4"]
[White "Danielian, Elina"]
[Black "Paehtz, Elisabeth"]
[Result "0-1"]
[WhiteTitle "GM"]
[BlackTitle "IM"]
[WhiteElo "2476"]
[BlackElo "2482"]
[WhiteFideId "13300210"]
[BlackFideId "4641833"]
[EventDate "2012.12.14"]

1. d4 e6 2. c4 b6 3. Nc3 Bb4 4. e4 Bb7 5. d5 f5 6. exf5 exd5 7. cxd5 Nf6 8. Bc4
Qe7+ 9. Kf1 Bxc3 10. bxc3 Qe4 11. Qd3 Bxd5 12. Qxe4+ Bxe4 13. Bf4 d5 14. Re1 Kd7
15. Rxe4 dxe4 16. Be6+ Ke7 17. Ne2 c5 18. g4 Nc6 19. g5 Nh5 20. Be3 Rad8 21. Kg2
Ne5 22. Nf4 Nxf4+ 23. Bxf4 Nf3 24. Kg3 h5 25. Be3 g6 26. Kf4 Rhf8 27. Kxe4 Nh4
28. Re1 gxf5+ 29. Kf4 Ng6+ 30. Kf3 Kxe6 31. Bxc5+ Kf7 32. Bxf8 Rxf8 33. Rd1 Re8
34. Rd7+ Re7 35. Rd6 Rc7 36. Ke2 Rxc3 37. Rd7+ Ke6 38. Rxa7 f4 39. Rb7 Rc6 40.
h4 Nxh4 41. Rh7 Ng6 42. Rxh5 Rc2+ 43. Kf3 Kf5 44. a4 Rc3+ 45. Kg2 Rc4 46. Rh3
Rxa4 47. Rb3 Ra6 48. Rb5+ Ke4 49. f3+ Ke3 50. Rb3+ Kd4 51. Kh3 Kc4 52. Rb1 b5
53. Kg4 b4 0-1

[Event "SportAccord Rapid Women 2012"]
[Site "Beijing CHN"]
[Date "2012.12.15"]
[Round "5.7"]
[White "Zhao, Xue"]
[Black "Socko, Monika"]
[Result "0-1"]
[WhiteTitle "GM"]
[BlackTitle "GM"]
[WhiteElo "2565"]
[BlackElo "2445"]
[WhiteFideId "8601283"]
[BlackFideId "1106619"]
[EventDate "2012.12.14"]

1. c4 Nf6 2. Nf3 e6 3. g3 d5 4. Bg2 dxc4 5. Qa4+ Nbd7 6. O-O a6 7. Qxc4 b5 8.
Qc6 Rb8 9. d3 Bb7 10. Qc2 Bd6 11. Nbd2 O-O 12. Nb3 c5 13. Bd2 Qe7 14. a4 c4 15.
dxc4 Be4 16. Qc1 bxc4 17. Na5 Rfc8 18. Nd4 Bxg2 19. Kxg2 Nb6 20. f3 Qe8 21. Qc2
Nfd5 22. Rfc1 Bb4 23. Bxb4 Ne3+ 0-1

[Event "SportAccord Rapid Women 2012"]
[Site "Beijing CHN"]
[Date "2012.12.15"]
[Round "6.1"]
[White "Hou, Yifan"]
[Black "Paehtz, Elisabeth"]
[Result "0-1"]
[WhiteTitle "GM"]
[BlackTitle "IM"]
[WhiteElo "2606"]
[BlackElo "2482"]
[WhiteFideId "8602980"]
[BlackFideId "4641833"]
[EventDate "2012.12.14"]

1. e4 e5 2. Bc4 Nf6 3. d3 Nc6 4. a3 Bc5 5. Nc3 a6 6. h3 d6 7. f4 Be6 8. Bxe6
fxe6 9. fxe5 dxe5 10. Nf3 Qd6 11. Bg5 O-O 12. Qd2 Nd4 13. Nxd4 Qxd4 14. O-O-O b5
15. Ne2 Qd6 16. Rhf1 Nd7 17. Bh4 Qb6 18. Kb1 a5 19. Rxf8+ Rxf8 20. d4 exd4 21.
Nxd4 Ne5 22. Nb3 Nc4 23. Qd7 Ne5 24. Qd2 Nc4 25. Qg5 Be3 26. Qh5 a4 27. Nc1 b4
28. Qe2 bxa3 29. b3 a2+ 30. Ka1 Bd4+ 31. Kxa2 axb3+ 32. cxb3 Qa5+ 33. Kb1 Qa1+ 0-1

[Event "SportAccord Rapid Women 2012"]
[Site "Beijing CHN"]
[Date "2012.12.15"]
[Round "6.3"]
[White "Lahno, Kateryna"]
[Black "Cramling, Pia"]
[Result "1-0"]
[WhiteTitle "GM"]
[BlackTitle "GM"]
[WhiteElo "2553"]
[BlackElo "2516"]
[WhiteFideId "14109336"]
[BlackFideId "1700030"]
[EventDate "2012.12.14"]

1. e4 c5 2. Nf3 e6 3. d4 cxd4 4. Nxd4 a6 5. Bd3 Nf6 6. O-O e5 7. Nb3 d6 8. c4
Be7 9. Bg5 O-O 10. Nc3 Be6 11. Bxf6 Bxf6 12. Be2 Nc6 13. Nd5 Bg5 14. Qd3 f5 15.
Bf3 g6 16. Rad1 Rf7 17. c5 dxc5 18. Nxc5 Bxd5 19. exd5 Nd4 20. Ne6 Nxe6 21. dxe6
Rc7 22. Qb3 Qe7 23. Rd7 Rxd7 24. exd7+ Kg7 25. Qxb7 Rd8 26. Bc6 Qd6 27. b4 e4
28. b5 axb5 29. Bxb5 Qd4 30. a4 Qc3 31. Kh1 h5 32. Qb6 h4 33. h3 Qe5 34. f4 exf3
35. Rxf3 Be7 36. Qe3 Qa1+ 37. Rf1 Qf6 38. Rd1 Qf7 39. a5 Bf6 40. a6 Qa2 41. a7
f4 42. Qxf4 Qxa7 43. Qe4 Qf2 44. Re1 Qc5 45. Bd3 Qg5 46. Qe6 Rf8 47. Rf1 Rd8 48.
Bc4 Rf8 49. d8=R Rxd8 50. Qf7+ Kh6 51. Rxf6 Qg3 52. Rf1 Qg5 53. Be6 1-0

[Event "SportAccord Rapid Women 2012"]
[Site "Beijing CHN"]
[Date "2012.12.15"]
[Round "6.5"]
[White "Socko, Monika"]
[Black "Cmilyte, Viktorija"]
[Result "1-0"]
[WhiteTitle "GM"]
[BlackTitle "GM"]
[WhiteElo "2445"]
[BlackElo "2524"]
[WhiteFideId "1106619"]
[BlackFideId "12801259"]
[EventDate "2012.12.14"]

1. d4 Nf6 2. c4 g6 3. Nc3 d5 4. Bf4 Bg7 5. Nf3 O-O 6. Rc1 dxc4 7. e4 c5 8. dxc5
Qa5 9. e5 Nh5 10. Be3 Rd8 11. Qa4 Qxa4 12. Nxa4 Bg4 13. Rxc4 Bxf3 14. gxf3 Bxe5
15. f4 Bf6 16. Rb4 Nc6 17. Rxb7 Nxf4 18. Bxf4 Rd4 19. Bb5 Na5 20. Rb8+ Rxb8 21.
Bxb8 a6 22. c6 Nxc6 23. Bxc6 Rc4 24. O-O Rxc6 25. Rd1 Rc2 26. Ba7 h5 27. Bd4 e5
28. Bc3 Bh4 29. Rd2 Rc1+ 30. Kg2 e4 31. Nc5 f5 32. Nb3 Rb1 33. Re2 Kf7 34. Re1
Rxe1 35. Bxe1 f4 36. Nc5 e3 37. Kf1 Bf6 38. b4 g5 39. fxe3 1-0

[Event "SportAccord Rapid Women 2012"]
[Site "Beijing CHN"]
[Date "2012.12.15"]
[Round "6.7"]
[White "Harika, Dronavalli"]
[Black "Zhao, Xue"]
[Result "0-1"]
[WhiteTitle "GM"]
[BlackTitle "GM"]
[WhiteElo "2512"]
[BlackElo "2565"]
[WhiteFideId "5015197"]
[BlackFideId "8601283"]
[EventDate "2012.12.14"]

1. g3 Nf6 2. Bg2 e5 3. c4 c6 4. d4 Bb4+ 5. Nc3 d6 6. dxe5 dxe5 7. Qxd8+ Kxd8 8.
Bd2 Be6 9. O-O-O Nbd7 10. b3 Ba3+ 11. Kb1 Kc7 12. Nh3 h6 13. f4 Rad8 14. Nf2
Rhe8 15. fxe5 Bf5+ 16. e4 Ng4 17. exf5 Nxf2 18. Bf4 Nxd1 19. e6+ Kb6 20. Rxd1
Nc5 21. Rxd8 Rxd8 22. Be3 Ka6 23. Kc2 Nd3 24. exf7 Ne1+ 0-1

[Event "SportAccord Rapid Women 2012"]
[Site "Beijing CHN"]
[Date "2012.12.15"]
[Round "7.1"]
[White "Paehtz, Elisabeth"]
[Black "Koneru, Humpy"]
[Result "0-1"]
[WhiteTitle "IM"]
[BlackTitle "GM"]
[WhiteElo "2482"]
[BlackElo "2610"]
[WhiteFideId "4641833"]
[BlackFideId "5008123"]
[EventDate "2012.12.14"]

1. e4 c5 2. Nf3 e6 3. c3 d5 4. exd5 Qxd5 5. d4 Nf6 6. Na3 Nc6 7. Be2 Qd8 8. Nc2
Qc7 9. Bg5 Be7 10. dxc5 Bxc5 11. O-O Ne4 12. Be3 O-O 13. Bd3 Bxe3 14. Nxe3 Nf6
15. Qe2 Bd7 16. Rad1 Rad8 17. Bc2 Ne5 18. Nd4 Ng6 19. Rfe1 Nf4 20. Qc4 Qb8 21.
Nf3 Bc6 22. Rxd8 Rxd8 23. Rd1 Rc8 24. Qb4 Nh3+ 25. gxh3 Bxf3 26. Rd4 Nd5 27.
Nxd5 exd5 28. Rf4 a5 29. Qd4 Rc4 30. Qxc4 dxc4 31. Rxf3 Kf8 32. Be4 Qe5 33. Bxb7
Qb5 34. Be4 Qxb2 35. Bd5 Qc1+ 0-1